000 00478nam a2200169Ia 4500
003 GCL
008 140319s9999 xx 000 0 ara d
040 _aGCL /
_cGCL
082 0 4 _a368
_bا م
100 1 _aابراهيم على ابراهيم
245 1 0 _aمبادئ التامين التجارى و الاجتماعى /
_cابراهيم على ابراهيم
300 _a531 ص
490 _a
650 0 4 _aالادارة
650 0 4 _aالتأمين
942 _2ddc
_cBK
999 _c41291
_d41291